Vize pro Škoda Auto a město Mladá Boleslav ve 3. tisíciletí = Vision for Škoda Auto company and the town of Mladá Boleslav in the 3rd millenium : almanach vybraných prací ateliéru ATV3-AMG2 a Design Studio prof. Ing. arch. Michala Hlaváčka a Ing. arch. Evy Linhartové /

Hlavní autor: Hlaváček, Michal, 1951-
Korporativní autor: České vysoké učení technické v Praze. Katedra architektury
Další autoři: Linhartová, Eva, Cestrová, Edita, Boříková, Hana, Škoda Auto (firma), Mladá Boleslav (Česko)
Jazyk: Čeština
Vydáno: V Praze : České vysoké učení technické, [2017]
Vydání: Vydání: 1.
Témata:
Fyzický popis: 51 nečíslovaných stran : ilustrace (převážně barevné), portréty, plány ; 15 x 21 cm
Knihy
Uloženo v:
LEADER 03590nam a2200793 i 4500
001 nkc20172895777
003 CZ PrNK
005 20180409091350.0
007 ta
008 170503s2017 xr ace e 000 0 cze
015 |a cnb002895777 
020 |a 978-80-01-06137-4  |q (brožováno) 
035 |a (OCoLC)1031044396 
040 |a BOA001  |b cze  |d OLA001  |e rda 
043 |a e-xr---  |b e-xr-st  |2 czenas 
045 |a y1y1 
072 7 |a 71  |x Územní plánování. Urbanismus. Památková péče  |2 Konspekt  |9 21 
080 |a 629.331:334.716  |2 MRF 
080 |a 711.523  |2 MRF 
080 |a 656.121  |2 MRF 
080 |a 711.4  |2 MRF 
080 |a 72.012.2  |2 MRF 
080 |a (437.312)  |2 MRF 
080 |a (079)371.27  |2 MRF 
080 |a (084.11)  |2 MRF 
100 1 |a Hlaváček, Michal,  |d 1951-  |7 ntka172564  |4 aut  |4 edt 
245 1 0 |a Vize pro Škoda Auto a město Mladá Boleslav ve 3. tisíciletí =  |b Vision for Škoda Auto company and the town of Mladá Boleslav in the 3rd millenium : almanach vybraných prací ateliéru ATV3-AMG2 a Design Studio prof. Ing. arch. Michala Hlaváčka a Ing. arch. Evy Linhartové /  |c autor (editor): Michal Hlaváček, Eva Linhartová, Edita Cestrová a Hana Boříková 
246 3 1 |a Vision for Škoda Auto company and the town of Mladá Boleslav in the 3rd millenium 
250 |a Vydání: 1. 
264 1 |a V Praze :  |b České vysoké učení technické,  |c [2017] 
300 |a 51 nečíslovaných stran :  |b ilustrace (převážně barevné), portréty, plány ;  |c 15 x 21 cm 
336 |a text  |b txt  |2 rdacontent 
336 |a statický obraz  |b sti  |2 rdacontent 
337 |a bez média  |b n  |2 rdamedia 
338 |a svazek  |b nc  |2 rdacarrier 
500 |a Název z obálky 
500 |a Brožura je vydána u příležitosti výstavy prací, které vznikly v rámci spolupráce mezi katedrou architektury Fakulty stavební ČVUT, Škoda Auto a.s. a městem Mladá Boleslav 
500 |a 130 výtisků 
610 2 7 |a Škoda Auto (firma)  |7 kn20020409007  |2 czenas 
610 2 7 |a České vysoké učení technické v Praze.  |b Katedra architektury  |7 xx0009971  |2 czenas 
648 4 |a 2016-2017 
648 7 |a 2011-2020  |7 ch460589  |2 czenas 
650 0 7 |a automobilové podniky  |7 ph503932  |z Česko  |2 czenas 
650 0 7 |a městská centra  |7 ph137094  |z Česko  |2 czenas 
650 0 7 |a městská doprava  |7 ph117904  |z Česko  |2 czenas 
650 0 7 |a urbanismus  |7 ph116541  |z Česko  |2 czenas 
650 0 7 |a architektonické projekty  |7 ph137760  |y 2011-2020  |2 czenas 
650 0 9 |a automobile companies  |z Czechia  |2 eczenas 
650 0 9 |a town and city centers  |z Czechia  |2 eczenas 
650 0 9 |a urban transportation  |z Czechia  |2 eczenas 
650 0 9 |a city planning  |z Czechia  |2 eczenas 
650 0 9 |a architectural projects  |y 2011-2020  |2 eczenas 
651 7 |a Mladá Boleslav (Česko)  |7 ge130035  |2 czenas 
651 9 |a Mladá Boleslav (Czechia)  |2 eczenas 
655 7 |a studentské práce  |7 fd186738  |2 czenas 
655 7 |a obrazové publikace  |7 fd132947  |2 czenas 
655 9 |a student papers  |2 eczenas 
655 9 |a pictorial works  |2 eczenas 
700 1 |a Linhartová, Eva  |7 ntka173237  |4 aut 
700 1 |a Cestrová, Edita  |7 mzk2017953421  |4 aut 
700 1 |a Boříková, Hana  |4 aut 
710 2 |a České vysoké učení technické v Praze.  |b Katedra architektury  |7 xx0009971  |4 orm 
710 2 |a Škoda Auto (firma)  |7 kn20020409007  |4 orm 
710 1 |a Mladá Boleslav (Česko)  |7 ge130035  |4 orm 
910 2 |a BOA001  |b 2-1388.327 
990 |a BK 
995 |a 01 
991 |b 201706  |c NOV 
996 6 |b 2610706597  |c 2-1388.327  |l MZK  |r Sklad / do 1 hodiny  |n 0  |p p.v.  |w 001611075  |u 000010  |a 1  |e BOA001  |j MZK50  |s P